LEADER 01135cam0-22003971i-450 001 990007787020403321 005 20180511150206.0 010 $a88-14-08737-7 035 $a000778702 035 $aFED01000778702 035 $a(Aleph)000778702FED01 035 $a000778702 100 $a20030814d2001----km-y0itay50------ba 101 0 $aita 102 $aIT 105 $ay-------001yy 200 1 $aAttività d'impresa e formazione del contratto$fGiovanni Capo 210 $aMilano$cGiuffrè$d2001 215 $aXV, 241 p.$d24 cm 225 1 $aQuaderni di Giurisprudenza commerciale$v224 610 0 $aIMPRESA e imprenditore 610 0 $aCONTRATTO - formazione del 676 $a346.065$v21$zita 676 $a346.02$v23$zita 700 1$aCapo,$bGiovanni$0241169 801 0$aIT$bUNINA$gRICA$2UNIMARC 901 $aBK 912 $a990007787020403321 952 $aVIII G 244 (224)$b44752*$fFGBC 952 $a16 AA 443$b11992$fDDCP 952 $aDPR 12/82-224$b19086$fDEC 959 $aFGBC 959 $aDDCP 959 $aDEC 996 $aAttività d'impresa e formazione del contratto$9662797 997 $aUNINA LEADER 03465 am 2200793 n 450 001 9910495670903321 005 20191021 010 $a2-85831-319-9 024 7 $a10.4000/books.pressesinalco.32356 035 $a(CKB)4100000011631748 035 $a(FrMaCLE)OB-pressesinalco-32356 035 $a(oapen)https://directory.doabooks.org/handle/20.500.12854/84087 035 $a(PPN)25244700X 035 $a(EXLCZ)994100000011631748 100 $a20201204j|||||||| ||| 0 101 0 $afre 135 $auu||||||m|||| 181 $ctxt$2rdacontent 182 $cc$2rdamedia 183 $acr$2rdacarrier 200 12$a« Maintenant et à jamais » $eQuelques regards sur la poésie hébraïque contemporaine /$fMasha Itzhaki 210 $aParis $cPresses de l?Inalco$d2019 215 $a1 online resource (130 p.) 225 1 $aMéditerranéeS 311 $a2-85831-318-0 330 $aCet ouvrage essaie de présenter au lecteur français quelques questionnements sur la poésie israélienne, ainsi la complexité de la périodisation, l?équilibre entre le narratif national et le personnel, les mythes bibliques ou l?identité israélienne renouvelée par le multiculturalisme de la société. On traite également des liens entre l?amour et le divin, et des structures poétiques européennes dans leurs versions hébraïques. Chacun de ces chapitres est illustré par des textes poétiques en hébreu traduits en français qui démontrent respectivement ces problématiques. This book tries to present to the French reader some questions about Israeli poetry, such as the complexity of periodization, the balance between the national narrative and the personal problems, biblical myths as well as the Israeli identity renewed by the multiculturalism of society. We also discuss the links between love and the divine, and European poetic structures in their Hebrew versions. Each of these chapters is illustrated by poetic texts in Hebrew translated into French that illustrate these issues respectively. 606 $aPoetry 606 $apoésie hébreu moderne 606 $apériodisation 606 $anarratif national 606 $anarratif personnel 606 $amythes bibliques 606 $aidentité israélienne 606 $astructures poétiques 606 $aModern Hebrew poetry 606 $aperiodization 606 $anational narrative 606 $apersonal narrative 606 $abiblical myths 606 $aIsraeli identity 606 $apoetic structures 610 $aModern Hebrew poetry 610 $aperiodization 610 $anational narrative 610 $apersonal narrative 610 $abiblical myths 610 $aIsraeli identity 610 $apoetic structures 615 4$aPoetry 615 4$apoésie hébreu moderne 615 4$apériodisation 615 4$anarratif national 615 4$anarratif personnel 615 4$amythes bibliques 615 4$aidentité israélienne 615 4$astructures poétiques 615 4$aModern Hebrew poetry 615 4$aperiodization 615 4$anational narrative 615 4$apersonal narrative 615 4$abiblical myths 615 4$aIsraeli identity 615 4$apoetic structures 700 $aItzhaki$b Masha$0645858 801 0$bFR-FrMaCLE 906 $aBOOK 912 $a9910495670903321 996 $a« Maintenant et à jamais »$93039340 997 $aUNINA LEADER 02738nam 2200649 a 450 001 9910782082903321 005 20161219111356.0 010 $a0-7619-4854-6 010 $a9786610369096 010 $a1-280-36909-4 010 $a1-4129-3191-6 035 $a(CKB)1000000000521561 035 $a(EBL)254630 035 $a(OCoLC)437163156 035 $a(SSID)ssj0000141207 035 $a(PQKBManifestationID)11130009 035 $a(PQKBTitleCode)TC0000141207 035 $a(PQKBWorkID)10056216 035 $a(PQKB)10367231 035 $a(MiAaPQ)EBC254630 035 $a(OCoLC)70773970 035 $a(StDuBDS)EDZ0000067593 035 $a(Au-PeEL)EBL254630 035 $a(CaPaEBR)ebr10076691 035 $a(CaONFJC)MIL36909 035 $a(OCoLC)928580292 035 $a(FlNmELB)ELB130838 035 $a(EXLCZ)991000000000521561 100 $a20120405d2003 fy 0 101 0 $aeng 135 $aur||||||||||| 181 $ctxt 182 $cc 183 $acr 200 10$aDrafting and assessing poetry$b[electronic resource] $ea guide for teachers /$fSue Dymoke 210 $aLondon $cPaul Chapman$d2003 215 $a1 online resource (xiv, 210 p.) $cill 300 $aDescription based upon print version of record. 311 $a1-4462-1666-7 311 $a0-7619-4855-4 320 $aIncludes bibliographical references (p. 197-204) and indexes. 327 $aCover Page; Title Page; Copyright Page; Contents; List of Figures; Acknowledgements; Introduction; 1 The Place of Poetry within the National Curriculum Orders for English; 2 Drafting Poetry; 3 Using Poets' drafts; 4 Poetry and ICT; 5 The Visiting Poet and Poetry Workshops; 6 Assessing Poetry; 7 The Context: Forty Years of Poetry Teaching; Appendix 1: The Ghazal; Appendix 2: Some Recommended Poetry Books for Key Stage 3 Readers; Bibliography; Author Index; Subject Index 330 8 $aSue Dymoke's practical volume on poetry in the classroom is based on theory but with a practical dimension and combines critical commentaries with illustrations of successful classroom practice to address this under-explored aspect of English teaching. 606 $aEnglish language$xRhetoric$xStudy and teaching 606 $aPoetry$xAuthorship$xStudy and teaching 606 $aCreative writing$xStudy and teaching 615 0$aEnglish language$xRhetoric$xStudy and teaching. 615 0$aPoetry$xAuthorship$xStudy and teaching. 615 0$aCreative writing$xStudy and teaching. 676 $a808.1071 700 $aDymoke$b Sue$f1962-$01545809 801 0$bStDuBDS 801 1$bStDuBDS 906 $aBOOK 912 $a9910782082903321 996 $aDrafting and assessing poetry$93800919 997 $aUNINA